[Event "La Roda op 50th"]
[Site "La Roda"]
[Date "2024.03.28"]
[Round "2"]
[White "Haering Hijon, Javier"]
[Black "Sonis, Francesco"]
[Result "0-1"]
[WhiteElo "2045"]
[BlackElo "2562"]
[PlyCount "102"]
[EventDate "2024.03.27"]
[EventType "swiss"]
[EventRounds "9"]
[EventCountry "ESP"]
[SourceTitle "CBM 219 Extra"]
[Source "ChessBase"]
[SourceDate "2024.05.31"]
[SourceVersion "1"]
[SourceVersionDate "2024.05.31"]
[SourceQuality "1"]

1. Nf3 c5 2. c4 Nc6 3. b3 e5 4. Nc3 g6 5. Bb2 Bg7 6. d3 Nge7 7. e3 0-0 8. Be2 d5 9. cxd5 Nxd5 10. Qd2 Nc7 11. 0-0 b6 12. Rfd1 Qd7 13. Rac1 Bb7 14. Qc2 Rfd8 15. Qb1 Qe7 16. Qa1 Rd7 17. Ne4 Rad8 18. Ned2 f6 19. a3 Nd5 20. Ne1 f5 21. Nc4 Re8 22. Bf1 f4 23. e4 Nc7 24. b4 Nb5 25. bxc5 bxc5 26. a4 Nc7 27. Ba3 Na6 28. Qc3 Nab4 29. Rb1 Bf8 30. Nc2 Qe6 31. Na1 Ba6 32. Nb3 Red8 33. Be2 Nd4 34. Nxd4 Rxd4 35. Nb2 Rb8 36. h3 Na2 37. Qa5 Rb3 38. Bxc5 Bxc5 39. Qxc5 Nc3 40. Bg4 Qd6 41. Qxa7 Nxb1 42. Rxb1 Rb7 43. Qa8+ Rb8 44. Qa7 Rdb4 45. Rc1 Rxb2 46. Rc7 R2b7 47. Rxb7 Rxb7 48. Qa8+ Rb8 49. Qa7 Bxd3 50. Be6+ Kh8 51. Qf7 Rf8 0-1

[Event "La Roda op 49th"]
[Site "La Roda"]
[Date "2023.04.07"]
[Round "4"]
[White "Haering Hijon, Javier"]
[Black "Tabuenca Mendataurigoitia, Daniel"]
[Result "0-1"]
[WhiteElo "2057"]
[BlackElo "2307"]
[PlyCount "66"]
[EventDate "2023.04.05"]
[EventType "swiss"]
[EventRounds "9"]
[EventCountry "ESP"]
[SourceTitle "CBM 213 Extra"]
[Source "ChessBase"]
[SourceDate "2023.05.31"]
[SourceVersion "1"]
[SourceVersionDate "2023.05.31"]
[SourceQuality "1"]

1. d4 Nf6 2. Nc3 d5 3. Bg5 c5 4. e3 Nc6 5. a3 cxd4 6. exd4 Bf5 7. Bxf6 gxf6 8. Bd3 Bg6 9. Nge2 e6 10. h4 a6 11. h5 Bxd3 12. Qxd3 f5 13. Rh3 Rg8 14. Kf1 Bd6 15. f4 Rg4 16. Nxd5 exd5 17. Qxf5 Qd7 18. Re3+ Be7 19. Qxh7 0-0-0 20. Qxf7 Rf8 21. Qe6 Rh4 22. Qxd7+ Kxd7 23. Kf2 Rxh5 24. c3 Bd6 25. g3 Rh2+ 26. Kf3 Ne7 27. Rf1 Nf5 28. Rd3 Rg8 29. Rg1 Re8 30. Nc1 Re4 31. Rg2 Nh4+ 32. gxh4 Rxf4+ 33. Kg3 Rf1+ 0-1

[Event "Madrid Alcorcon op 1st"]
[Site "Madrid"]
[Date "2022.12.26"]
[Round "1"]
[White "Siddiqie, Kausar Iqbal"]
[Black "Haering Hijon, Javier"]
[Result "0-1"]
[WhiteElo "1365"]
[BlackElo "2061"]
[PlyCount "64"]
[EventDate "2022.12.26"]
[EventType "swiss"]
[EventRounds "9"]
[EventCountry "ESP"]
[SourceTitle "CBM 212 Extra"]
[Source "ChessBase"]
[SourceDate "2023.03.31"]
[SourceVersion "1"]
[SourceVersionDate "2023.03.31"]
[SourceQuality "1"]

1. e4 e5 2. Nf3 Nc6 3. Bc4 Bc5 4. 0-0 Nf6 5. d3 d6 6. Bg5 h6 7. Bh4 g5 8. Bg3 Bg4 9. h3 Bd7 10. c3 Bb6 11. a4 a5 12. Qb3 Qe7 13. Nbd2 Nh5 14. d4 0-0 15. Qd1 Nxg3 16. fxg3 exd4 17. cxd4 Nxd4 18. Nxd4 Bxd4+ 19. Kh2 Be6 20. Bxe6 fxe6 21. Qh5 Qg7 22. Rac1 Rxf1 23. Rxf1 Rf8 24. Rxf8+ Kxf8 25. b3 Ke7 26. Nf3 Bf6 27. Qg4 Qg6 28. h4 h5 29. hxg5 hxg4 30. gxf6+ Kxf6 31. e5+ dxe5 32. Nd2 Qh6+ 0-1

[Event "ESP-ch U18 Rapid"]
[Site "Salobrena"]
[Date "2022.08.07"]
[Round "7"]
[White "Cesar Maestre, Bernardo"]
[Black "Haering Hijon, Javier"]
[Result "1-0"]
[WhiteElo "1942"]
[BlackElo "1577"]
[PlyCount "83"]
[EventDate "2022.08.06"]
[EventType "swiss (rapid)"]
[EventRounds "9"]
[EventCountry "ESP"]
[SourceTitle "EXT 2023"]
[Source "ChessBase"]
[SourceDate "2022.10.05"]
[SourceVersion "1"]
[SourceVersionDate "2022.10.05"]
[SourceQuality "1"]

1. e4 e5 2. Nf3 Nc6 3. Bb5 a6 4. Ba4 Nf6 5. d3 Bc5 6. 0-0 b5 7. Bb3 d6 8. a4 Rb8 9. axb5 axb5 10. Nc3 h6 11. Be3 Nd4 12. Bxd4 exd4 13. Nd5 0-0 14. h3 Nxd5 15. Bxd5 Bd7 16. Re1 Qf6 17. e5 dxe5 18. Nxe5 Be6 19. Bxe6 Qxe6 20. Qf3 Qd6 21. Qf5 Rbd8 22. Re4 Qd5 23. Rg4 Bd6 24. Re1 Rde8 25. f4 f6 26. Qg6 Re7 27. Nf3 Rxe1+ 28. Nxe1 Qf7 29. Qf5 Qe7 30. Nf3 Qe3+ 31. Kh2 h5 32. Rh4 Rf7 33. Kh1 Qc1+ 34. Ng1 Qe3 35. Qxh5 Kf8 36. Qxb5 g6 37. Qb8+ Ke7 38. Rh8 Kd7 39. Qc8+ Kc6 40. Qa8+ Kd7 41. Rd8+ Ke7 42. Re8+ 1-0

[Event "ESP-ch U18"]
[Site "Salobrena"]
[Date "2022.08.04"]
[Round "6"]
[White "Haering Hijon, Javier"]
[Black "Gonzalez Lema, Carlos"]
[Result "1/2-1/2"]
[WhiteElo "2004"]
[BlackElo "2113"]
[PlyCount "117"]
[EventDate "2022.08.01"]
[EventType "swiss"]
[EventRounds "9"]
[EventCountry "ESP"]
[SourceTitle "EXT 2023"]
[Source "ChessBase"]
[SourceDate "2022.10.05"]
[SourceVersion "1"]
[SourceVersionDate "2022.10.05"]
[SourceQuality "1"]

1. e4 e5 2. Nf3 Nc6 3. Bc4 Bc5 4. c3 Nf6 5. d4 exd4 6. b4 d5 7. exd5 0-0 8. 0-0 Bxb4 9. cxb4 Nxb4 10. Ba3 a5 11. Bxb4 axb4 12. Qxd4 Re8 13. Nbd2 Bf5 14. Rfe1 Qd6 15. Re5 Bg6 16. Rae1 Red8 17. Bb3 b5 18. Qb2 Nd7 19. R5e3 Nc5 20. Ne5 Nxb3 21. Nxg6 hxg6 22. Qxb3 Ra3 23. Re8+ Rxe8 24. Rxe8+ Kh7 25. Qb1 Qxd5 26. Nf3 b3 27. axb3 Rxb3 28. Qc1 f6 29. h4 c5 30. Qf4 Rb1+ 31. Kh2 Rd1 32. Rc8 c4 33. Qb8 Qd6+ 34. Qxd6 Rxd6 35. Rc5 Rb6 36. Nd4 b4 37. Rxc4 b3 38. Rc1 b2 39. Rb1 Rb4 40. Nf3 Kg8 41. g3 Kf7 42. Ne1 Rb3 43. Kg2 Ke6 44. Kf1 Kd5 45. Ke2 Kc4 46. Kd2 Rb7 47. Kc2 Re7 48. Kxb2 Re2+ 49. Ka3 Rxf2 50. Rb7 Re2 51. Rc7+ Kd5 52. Nc2 Rf2 53. Rc3 Ke4 54. Kb4 Rf3 55. Rc4+ Ke5 56. Rc5+ Ke4 57. Rc4+ Ke5 58. Rc5+ Ke4 59. Rc4+ 1/2-1/2

[Event "ESP-ch 86th"]
[Site "Linares"]
[Date "2021.08.20"]
[Round "5"]
[White "Haering Hijon, Javier"]
[Black "Hernandez Leon, Sergio"]
[Result "1/2-1/2"]
[WhiteElo "1926"]
[BlackElo "2204"]
[PlyCount "82"]
[EventDate "2021.08.16"]
[EventType "swiss"]
[EventRounds "9"]
[EventCountry "ESP"]
[SourceTitle "CBM 204 Extra"]
[Source "ChessBase"]
[SourceDate "2021.11.30"]
[SourceVersion "1"]
[SourceVersionDate "2021.11.30"]
[SourceQuality "1"]

1. e4 e5 2. Nf3 Nc6 3. Bc4 Bc5 4. c3 Nf6 5. d4 exd4 6. b4 Bb6 7. e5 d5 8. exf6 dxc4 9. b5 Na5 10. Qe2+ Be6 11. fxg7 Rg8 12. cxd4 Qd7 13. Nc3 0-0-0 14. Bg5 Rde8 15. 0-0-0 Qd6 16. Rhe1 Qa3+ 17. Qb2 Qxb2+ 18. Kxb2 Rxg7 19. Nd5 Bd7 20. Rxe8+ Bxe8 21. a4 Bd7 22. Nxb6+ cxb6 23. Kc3 a6 24. Kb4 f6 25. Bxf6 Rxg2 26. Rd2 Bg4 27. Ne5 Bf5 28. Nf7 Be6 29. Nd6+ Kd7 30. Ne4 Nb3 31. Rd1 a5+ 32. Kc3 Bd5 33. Re1 Bxe4 34. Rxe4 Rxf2 35. Bg5 Rxh2 36. Kxc4 Nd2+ 37. Bxd2 Rxd2 38. Rh4 Rc2+ 39. Kb3 Rd2 40. Rxh7+ Kc8 41. Kc4 Ra2 1/2-1/2

[Event "ESP-ch U18"]
[Site "Salobrena"]
[Date "2021.07.28"]
[Round "4"]
[White "Haering Hijon, Javier"]
[Black "Badillo Ramos, Michael Steve"]
[Result "0-1"]
[WhiteElo "1872"]
[BlackElo "2044"]
[PlyCount "81"]
[EventDate "2021.07.26"]
[EventType "swiss"]
[EventRounds "9"]
[EventCountry "ESP"]
[SourceTitle "CBM 203 Extra"]
[Source "ChessBase"]
[SourceDate "2021.09.30"]
[SourceVersion "1"]
[SourceVersionDate "2021.09.30"]
[SourceQuality "1"]

1. e4 e6 2. d4 d5 3. Bd3 dxe4 4. Bxe4 Nf6 5. Bf3 Nbd7 6. Ne2 e5 7. 0-0 e4 8. Ng3 exf3 9. Re1+ Be7 10. Nf5 Nb6 11. Rxe7+ Kf8 12. Re5 Nc4 13. Rc5 Nd6 14. Nxd6 cxd6 15. Rc3 fxg2 16. Qf3 Qe7 17. Re3 Bg4 18. Qxg2 Qd7 19. Nc3 h5 20. h4 Rh6 21. Rg3 Rg6 22. Bg5 Re8 23. a4 Nh7 24. Be3 Qf5 25. Qd5 Qf6 26. Ne4 Qxh4 27. Nxd6 Ree6 28. Bf4 Qd8 29. Qxb7 Rxd6 30. Bxd6+ Rxd6 31. Re1 Ng5 32. Rge3 Nh3+ 33. Kh2 Re6 34. Rxe6 fxe6 35. f3 Qd6+ 36. Re5 Qxd4 37. Qb8+ Kf7 38. fxg4 hxg4 39. Qb7+ Kf6 40. Qb8 Kf7 41. Kg3 0-1

[Event "ESP-ch U18"]
[Site "Salobrena"]
[Date "2021.07.26"]
[Round "2"]
[White "Haering Hijon, Javier"]
[Black "Perez Perez, Gabriel"]
[Result "0-1"]
[WhiteElo "1872"]
[BlackElo "2181"]
[PlyCount "74"]
[EventDate "2021.07.26"]
[EventType "swiss"]
[EventRounds "9"]
[EventCountry "ESP"]
[SourceTitle "CBM 203 Extra"]
[Source "ChessBase"]
[SourceDate "2021.09.30"]
[SourceVersion "1"]
[SourceVersionDate "2021.09.30"]
[SourceQuality "1"]

1. c4 c5 2. Nc3 Nc6 3. g3 g6 4. Bg2 Bg7 5. e4 a6 6. Nge2 b5 7. cxb5 axb5 8. Nxb5 Ba6 9. Nbc3 Nb4 10. 0-0 Bd3 11. a3 Bc2 12. axb4 Bxd1 13. Rxa8 Qxa8 14. Rxd1 cxb4 15. Nd5 Qa4 16. Re1 e6 17. Ne3 Ne7 18. d4 0-0 19. Bd2 Qb3 20. Bc1 d6 21. f4 Rc8 22. Kf2 Nc6 23. e5 d5 24. Nd1 Qd3 25. Be3 Na5 26. Nc1 Rxc1 27. Bxc1 Qc2+ 28. Re2 Qxc1 29. Ne3 Nc4 30. Nxc4 dxc4 31. d5 exd5 32. Bxd5 Kf8 33. h4 b3 34. Be4 Ke8 35. Kf3 Bf8 36. e6 Qf1+ 37. Ke3 fxe6 0-1

[Event "ESP-ch U16"]
[Site "Salobrena"]
[Date "2020.08.14"]
[Round "7"]
[White "Haering Hijon, Javier"]
[Black "Garcia Camina, Belarmino"]
[Result "1-0"]
[WhiteElo "1795"]
[BlackElo "1586"]
[PlyCount "93"]
[EventDate "2020.08.10"]
[EventType "swiss"]
[EventRounds "9"]
[EventCountry "ESP"]
[SourceTitle "EXT 2021"]
[Source "ChessBase"]
[SourceDate "2020.10.23"]
[SourceVersion "1"]
[SourceVersionDate "2020.10.23"]
[SourceQuality "1"]

1. e4 c5 2. Nf3 d6 3. Bb5+ Bd7 4. Bxd7+ Nxd7 5. c4 Ngf6 6. Nc3 Rb8 7. d4 cxd4 8. Nxd4 a6 9. Be3 Qc7 10. Qe2 e5 11. Nc2 Rc8 12. Na3 Qc6 13. f3 Nb6 14. b3 Be7 15. Rc1 0-0 16. 0-0 Rfd8 17. Rfd1 Qc7 18. Ncb5 axb5 19. cxb5 Qd7 20. Bxb6 Rxc1 21. Rxc1 Rc8 22. Rxc8+ Qxc8 23. Qc4 Qa8 24. Qa4 Qc8 25. Nc4 d5 26. exd5 Nxd5 27. Bf2 Nf4 28. Qa5 Qf5 29. Qe1 Qc2 30. h3 Qg6 31. Bg3 Bb4 32. Qf2 Nd3 33. Nxe5 Nxf2 34. Nxg6 Nxh3+ 35. gxh3 fxg6 36. Kf2 Kf7 37. Ke3 Ke6 38. Ke4 Bc5 39. Be5 Bf8 40. a4 b6 41. Bd4 Bc5 42. Bxc5 bxc5 43. a5 Kd6 44. a6 Kc7 45. Ke5 Kb6 46. Ke6 g5 47. Kd5 1-0

[Event "ESP-ch U16"]
[Site "Salobrena"]
[Date "2020.08.12"]
[Round "4"]
[White "Parejo Pineda, Jesus"]
[Black "Haering Hijon, Javier"]
[Result "0-1"]
[WhiteElo "1445"]
[BlackElo "1795"]
[PlyCount "80"]
[EventDate "2020.08.10"]
[EventType "swiss"]
[EventRounds "9"]
[EventCountry "ESP"]
[SourceTitle "EXT 2021"]
[Source "ChessBase"]
[SourceDate "2020.10.23"]
[SourceVersion "1"]
[SourceVersionDate "2020.10.23"]
[SourceQuality "1"]

1. d4 Nf6 2. Bf4 g6 3. Nc3 Bg7 4. e4 d6 5. Qd2 Nbd7 6. Nf3 c5 7. d5 a6 8. a4 Qb6 9. Rb1 Qa5 10. Be2 Nb6 11. Ra1 Bd7 12. 0-0 Nh5 13. e5 Nxf4 14. Qxf4 Qb4 15. Qxb4 cxb4 16. Ne4 dxe5 17. Nc5 Nxd5 18. Rfd1 Bc6 19. Bc4 e6 20. Rd2 Ke7 21. Re1 Rhd8 22. Nxe5 Bxe5 23. Rxe5 Nb6 24. Bd3 Nxa4 25. b3 Nxc5 26. Rxc5 Rd5 27. Rc4 a5 28. Rh4 h5 29. Kf1 Rad8 30. Rc4 R8d7 31. Ke2 Rd4 32. f3 Rxc4 33. Bxc4 Rxd2+ 34. Kxd2 Kd6 35. Ke3 b5 36. Bd3 a4 37. Kd2 Kc5 38. h3 Kd4 39. Kc1 Kc3 40. Kb1 axb3 0-1

[Event "San Sebastian de los Reyes op 20th"]
[Site "San Sebastian"]
[Date "2018.12.04"]
[Round "4"]
[White "Haering Hijon, Javier"]
[Black "Ruiz Grau, David"]
[Result "1/2-1/2"]
[WhiteElo "1555"]
[BlackElo "1289"]
[PlyCount "120"]
[EventDate "2018.12.01"]
[EventType "swiss"]
[EventRounds "9"]
[EventCountry "ESP"]
[SourceTitle "CBM 187 Extra"]
[Source "ChessBase"]
[SourceDate "2018.11.04"]
[SourceVersion "1"]
[SourceVersionDate "2018.11.04"]
[SourceQuality "1"]

1. e4 c6 2. d4 d5 3. Nd2 dxe4 4. Nxe4 Nd7 5. Nf3 Ngf6 6. Nxf6+ Nxf6 7. Bd3 Bg4 8. c3 e6 9. Bg5 h6 10. Bh4 Be7 11. Qe2 Bxf3 12. Qxf3 Nd5 13. Bg3 0-0 14. 0-0 Bd6 15. Rad1 Bxg3 16. Qxg3 Qb6 17. Rd2 Qc7 18. Qxc7 Nxc7 19. Re1 Rad8 20. Rdd1 Rd5 21. c4 Rd6 22. Bc2 Rfd8 23. Re4 c5 24. d5 exd5 25. Re7 R8d7 26. Rxd7 Rxd7 27. cxd5 Rxd5 28. Rxd5 Nxd5 29. Be4 Nb4 30. a3 Nc6 31. Kf1 Kf8 32. Ke2 f5 33. Bd5 Ke7 34. Kd3 Kd6 35. Bg8 b5 36. f4 Ne7 37. Ba2 c4+ 38. Kd4 Ng6 39. g3 Ne7 40. Bb1 Nc6+ 41. Ke3 g6 42. g4 Ke6 43. gxf5+ gxf5 44. Bc2 a5 45. b3 cxb3 46. Bxb3+ Kd6 47. Bc2 Ke6 48. Bb3+ Kf6 49. Bd5 Ne7 50. Bb3 Kg6 51. Kd4 Kh5 52. Ke5 Kg4 53. Bd1+ Kh3 54. Ke6 Nc6 55. Kxf5 b4 56. axb4 axb4 57. Kg6 Nd4 58. Kxh6 Kxh2 59. Kg6 Kg3 60. f5 Nxf5 1/2-1/2

[Event "Madrid San Viator op-B 30th"]
[Site "Madrid"]
[Date "2018.05.27"]
[Round "7"]
[White "Haering Hijon, Javier"]
[Black "Del Noval Nemeshazi, Mario"]
[Result "1/2-1/2"]
[WhiteElo "1543"]
[BlackElo "1406"]
[PlyCount "144"]
[EventDate "2018.04.08"]
[EventType "swiss"]
[EventRounds "9"]
[EventCountry "ESP"]
[SourceTitle "EXT 2019"]
[Source "ChessBase"]
[SourceDate "2018.10.10"]
[SourceVersion "1"]
[SourceVersionDate "2018.10.10"]
[SourceQuality "1"]

1. e4 e5 2. Nf3 Nc6 3. Bc4 Bc5 4. c3 Nf6 5. d3 d6 6. Bb3 Bg4 7. h3 Bh5 8. g4 Bg6 9. Nbd2 0-0 10. Nf1 d5 11. exd5 Nxd5 12. Bg5 Qd6 13. Bc2 Nf4 14. Bxf4 exf4 15. d4 Bxc2 16. Qxc2 Rfe8+ 17. Kd1 Bb6 18. N1d2 Re6 19. Ng5 Rg6 20. Nde4 Qd5 21. h4 h6 22. Nh3 Rxg4 23. f3 Rxh4 24. Qf2 Rh5 25. Rg1 Qf5 26. Qg2 Qg6 27. Qxg6 fxg6 28. Nxf4 Rf5 29. Nxg6 Rxf3 30. Ke2 Rh3 31. Raf1 Re8 32. Kd1 Re3 33. Ng5 Ne7 34. Nxe7+ R8xe7 35. Nf3 Rf7 36. Ne5 Rxf1+ 37. Rxf1 c5 38. Nd7 cxd4 39. Nxb6 axb6 40. Kd2 Rh3 41. cxd4 h5 42. d5 Rg3 43. Rf5 Rg6 44. Rxh5 Rd6 45. Kd3 Kf7 46. Ke4 Ke7 47. Ke5 Rh6 48. Rf5 Rf6 49. Rg5 Kf7 50. Rg2 g6 51. Rc2 Rf5+ 52. Kd6 g5 53. Rc7+ Kf8 54. Rxb7 g4 55. Re7 g3 56. Re1 g2 57. Rg1 Rf2 58. b4 Rxa2 59. Kc6 Ke8 60. Kxb6 Kd7 61. Kc5 Rc2+ 62. Kd4 Rd2+ 63. Kc3 Rxd5 64. Rxg2 Kc6 65. Kc4 Rf5 66. Rg6+ Kb7 67. b5 Rh5 68. Rc6 Rg5 69. Rf6 Rh5 70. Kb4 Rh1 71. Ra6 Rb1+ 72. Kc5 Rc1+ 1/2-1/2

[Event "Madrid San Viator op-B 30th"]
[Site "Madrid"]
[Date "2018.05.06"]
[Round "4"]
[White "Haering Hijon, Javier"]
[Black "Martin Fernandez, Ignacio"]
[Result "1/2-1/2"]
[WhiteElo "1543"]
[BlackElo "1414"]
[PlyCount "50"]
[EventDate "2018.04.08"]
[EventType "swiss"]
[EventRounds "9"]
[EventCountry "ESP"]
[SourceTitle "EXT 2019"]
[Source "ChessBase"]
[SourceDate "2018.10.10"]
[SourceVersion "1"]
[SourceVersionDate "2018.10.10"]
[SourceQuality "1"]

1. e4 c5 2. Nf3 g6 3. c4 Bg7 4. Nc3 Nc6 5. Be2 d6 6. 0-0 Nf6 7. d4 cxd4 8. Nxd4 0-0 9. Be3 Bd7 10. f3 Qb6 11. Na4 Qa5 12. Nc3 Qb6 13. Qb3 Qxb3 14. Nxb3 b6 15. Rfd1 Rac8 16. Rac1 Rfd8 17. Nd4 Ne8 18. b3 Nxd4 19. Bxd4 Bxd4+ 20. Rxd4 Nc7 21. Nd5 Nxd5 22. exd5 Rc7 23. Re1 Kf8 24. Bd3 Re8 25. h4 h5 1/2-1/2

[Event "Madrid San Viator op-B 30th"]
[Site "Madrid"]
[Date "2018.04.22"]
[Round "3"]
[White "Del Alamo Fajardo, Fernando"]
[Black "Haering Hijon, Javier"]
[Result "0-1"]
[WhiteElo "1324"]
[BlackElo "1543"]
[PlyCount "72"]
[EventDate "2018.04.08"]
[EventType "swiss"]
[EventRounds "9"]
[EventCountry "ESP"]
[SourceTitle "EXT 2019"]
[Source "ChessBase"]
[SourceDate "2018.10.10"]
[SourceVersion "1"]
[SourceVersionDate "2018.10.10"]
[SourceQuality "1"]

1. e4 e5 2. Nf3 Nf6 3. Nc3 Nc6 4. Bc4 Bc5 5. d3 h6 6. 0-0 a6 7. Ne2 d6 8. a3 0-0 9. Ng3 Be6 10. Ba2 Qd7 11. h3 b5 12. b4 Bb6 13. Be3 Bxe3 14. fxe3 a5 15. bxa5 Rxa5 16. Bxe6 fxe6 17. d4 exd4 18. exd4 Rfa8 19. Qd3 b4 20. Ra2 Rxa3 21. Rxa3 Rxa3 22. Qc4 d5 23. exd5 Qxd5 24. Qxd5 exd5 25. Re1 Nxd4 26. Nxd4 Rxg3 27. Nf5 Rc3 28. Nd4 c5 29. Nc6 Rxc2 30. Ne7+ Kh7 31. Nf5 Ne4 32. Ne3 Rd2 33. Nxd5 Rxd5 34. Rxe4 b3 35. Re2 c4 36. Rb2 c3 0-1

[Event "Madrid San Viator op-B 29th"]
[Site "Madrid"]
[Date "2017.09.17"]
[Round "1"]
[White "Haering Hijon, Javier"]
[Black "Arce Escobedo, Julio"]
[Result "1-0"]
[WhiteElo "1344"]
[BlackElo "1671"]
[PlyCount "127"]
[EventDate "2017.09.17"]
[EventType "swiss"]
[EventRounds "9"]
[EventCountry "ESP"]
[SourceTitle "EXT 2019"]
[Source "ChessBase"]
[SourceDate "2018.10.10"]
[SourceVersion "1"]
[SourceVersionDate "2018.10.10"]
[SourceQuality "1"]

1. e4 c5 2. Nf3 d6 3. Bb5+ Bd7 4. Bxd7+ Qxd7 5. d4 cxd4 6. Nxd4 Nf6 7. f3 g6 8. c4 Bg7 9. Be3 Nc6 10. Nc3 a6 11. a4 Rc8 12. b3 0-0 13. 0-0 Nxd4 14. Bxd4 h5 15. Be3 Qc7 16. Rc1 Qa5 17. Rf2 Rc6 18. Rd2 Rfc8 19. Nd5 Nxd5 20. Rxd5 Qc7 21. a5 e6 22. Bb6 Qe7 23. Rd3 Be5 24. Qd2 Qh4 25. g3 Qe7 26. f4 Bg7 27. Rd1 Bf8 28. Qc3 Bg7 29. Qb4 Bf8 30. e5 dxe5 31. Qxe7 Bxe7 32. fxe5 Bc5+ 33. Bxc5 Rxc5 34. Rd8+ Rxd8 35. Rxd8+ Kg7 36. Rd7 Rxa5 37. Rxb7 Rxe5 38. b4 Re1+ 39. Kf2 Rb1 40. b5 axb5 41. cxb5 e5 42. Kf3 Rb2 43. h4 Rb3+ 44. Ke4 Rxg3 45. Kxe5 Rg4 46. Rd7 Rxh4 47. Rd4 Rh1 48. Rb4 Rd1 49. b6 Rd8 50. b7 Rb8 51. Kd6 Kf6 52. Kc7 Rxb7+ 53. Rxb7 Kg5 54. Kd6 f5 55. Ke5 h4 56. Rb1 h3 57. Rg1+ Kh5 58. Kf4 Kh6 59. Rh1 Kg7 60. Rxh3 Kf6 61. Rh6 Kg7 62. Kg5 f4 63. Rxg6+ Kh7 64. Rf6 1-0